000 00617nam a2200217Ia 4500
003 OSt
005 20220926013036.0
006 a|||||r|||| 00| 0
007 ta
008 220923b |||||||| |||| 00| 0 eng d
037 _cGeneral Book
040 _aRTL
_cRTL
_beng
041 _2eng
_aeng
082 _aY:4.73.N7, L5
100 _aMirande Alfred M
_9317762
245 0 _aAge of crisis
_b Deviance, disorganization and soci
260 _aNew York
_bHarper and Row
_c1975
300 _axii,500p
_ccm.
942 _hY:4.73.N7, L5
_cGB
_2CC
999 _c625044
_d625044